000 00327nam a2200133 i 4500
001 bg
100 1 _aPOGORZELSKI, Jerzy Andrzej
245 0 _aFizyka cieplna budowli /
_cJerzy Andrzej Pogorzelski.
260 _aWarszawa,
_c1976.
040 _cBPK
041 _apol
942 _cKS
008 s pl f |000 0 pol
999 _c27361
_d27361
856 _uhttp://koha.tu.koszalin.pl/cgi-bin/koha/opac-detail.pl?biblionumber=27361
_yKatalog online BPK